<?xml version="1.0" encoding="UTF-8"?>
<record
    xmlns:xsi="http://www.w3.org/2001/XMLSchema-instance"
    xsi:schemaLocation="http://www.loc.gov/MARC21/slim http://www.loc.gov/standards/marcxml/schema/MARC21slim.xsd"
    xmlns="http://www.loc.gov/MARC21/slim">

  <leader>02925nam a22003015i 4500</leader>
  <controlfield tag="001">99116545257804341</controlfield>
  <controlfield tag="005">20251010083132.0</controlfield>
  <controlfield tag="006">m    ||  d |      </controlfield>
  <controlfield tag="007">cr |||||||||||</controlfield>
  <controlfield tag="008">171025s2017    xxk|||||o    |||| ||eng  </controlfield>
  <datafield tag="020" ind1=" " ind2=" ">
    <subfield code="a">9781350034617</subfield>
  </datafield>
  <datafield tag="035" ind1=" " ind2=" ">
    <subfield code="a">oai:ldls.org.uk:018572194</subfield>
  </datafield>
  <datafield tag="035" ind1=" " ind2=" ">
    <subfield code="a">(Uk)018572194</subfield>
  </datafield>
  <datafield tag="037" ind1=" " ind2=" ">
    <subfield code="a">9781350034617</subfield>
    <subfield code="b">CodeMantra</subfield>
  </datafield>
  <datafield tag="040" ind1=" " ind2=" ">
    <subfield code="a">Uk</subfield>
    <subfield code="b">eng</subfield>
    <subfield code="c">Uk</subfield>
    <subfield code="d">StEdNL</subfield>
  </datafield>
  <datafield tag="041" ind1=" " ind2=" ">
    <subfield code="a">English</subfield>
  </datafield>
  <datafield tag="100" ind1=" " ind2=" ">
    <subfield code="a">Davis, Melissa</subfield>
    <subfield code="c">(Writer on branding),</subfield>
    <subfield code="e">author.</subfield>
  </datafield>
  <datafield tag="245" ind1="1" ind2="4">
    <subfield code="a">The Fundamentals of Branding </subfield>
    <subfield code="c">/ Melissa Davis.</subfield>
  </datafield>
  <datafield tag="264" ind1=" " ind2="1">
    <subfield code="a">London :</subfield>
    <subfield code="b">Bloomsbury Visual Arts,</subfield>
    <subfield code="c">2017.</subfield>
  </datafield>
  <datafield tag="300" ind1=" " ind2=" ">
    <subfield code="a">184 pages</subfield>
  </datafield>
  <datafield tag="490" ind1="0" ind2=" ">
    <subfield code="a">Fundamentals</subfield>
  </datafield>
  <datafield tag="505" ind1=" " ind2=" ">
    <subfield code="a">What is a brand? &#x2014; Defining branding &#x2014; Brand history &#x2014; The marketing matrix &#x2014; The basic brand development process &#x2014; Teamwork and talent &#x2014; The agency playing field &#x2014; The client/agency relationship &#x2014;
Deconstructing brands &#x2014; Brand structures &#x2014; Brand families &#x2014; The brand development methodology &#x2014; Brand positioning &#x2014; Brand values &#x2014; Developing the 'creative' &#x2014; Communicating the brand &#x2014; Maintaining the brand &#x2014;
The changing brand audience &#x2014; Understanding the brand audience &#x2014; Audience attitudes and social shifts &#x2014; Developing brands for audience 'types' &#x2014; Brands, ethics and responsibility &#x2014; The digital audience &#x2014; Employee audiences &#x2014;
Branding techniques &#x2014; Techniques to diversify the brand &#x2014; Forms of collaboration &#x2014; Affinity marketing &#x2014; Charity-based partnerships &#x2014; The future of partnerships &#x2014;
Assessing the brand impact &#x2014; Why measure the brand? &#x2014; Brand equity &#x2014; How to measure the brand impact &#x2014; Brand measurement models &#x2014; Measurement in the business and marketing process &#x2014;
Brand futures &#x2014; Understanding brand trends &#x2014; The evolution of brands &#x2014; Key future trends &#x2014; Industry perspectives: digital &#x2014; Industry perspectives: brand strategy &#x2014; Industry perspectives: innovation &#x2014; Moving the brand forward &#x2014;
Appendix &#x2014; Conclusion &#x2014; Student resources &#x2014; Bibliography &#x2014; Glossary &#x2014; Acknowledgements &#x2014; Credits &#x2014; Working with ethics.</subfield>
  </datafield>
  <datafield tag="520" ind1=" " ind2=" ">
    <subfield code="a">Branding is a discipline that has emerged over the last century to become a ubiquitous force in marketing. The Fundamentals of Branding offers an overview of the foundations of building, developing and maintaining brands.

It provides insight into key aspects such as targeting audiences, trends, brand structures and brand architecture, and examines the fundamental client/agency relationship. It also places branding in a global context and discusses its relation to business practice as well as other creative disciplines.</subfield>
  </datafield>
  <datafield tag="540" ind1=" " ind2=" ">
    <subfield code="a">Restricted: Printing from this resource is governed by The Legal Deposit Libraries (Non-Print Works) Regulations (UK) and UK copyright law currently in force.</subfield>
    <subfield code="5">Uk</subfield>
  </datafield>
  <datafield tag="650" ind1=" " ind2="0">
    <subfield code="a">Advertising</subfield>
    <subfield code="9">2839</subfield>
  </datafield>
  <datafield tag="650" ind1=" " ind2="0">
    <subfield code="a">Branding (Marketing)</subfield>
    <subfield code="9">6284</subfield>
  </datafield>
  <datafield tag="942" ind1=" " ind2=" ">
    <subfield code="2">lcc</subfield>
  </datafield>
  <datafield tag="952" ind1=" " ind2=" ">
    <subfield code="0">0</subfield>
    <subfield code="1">0</subfield>
    <subfield code="2">lcc</subfield>
    <subfield code="4">0</subfield>
    <subfield code="7">0</subfield>
    <subfield code="a">TBS</subfield>
    <subfield code="b">TBS</subfield>
    <subfield code="d">2025-07-07</subfield>
    <subfield code="l">0</subfield>
    <subfield code="o">HF5415.1255 DAV</subfield>
    <subfield code="r">2025-07-07</subfield>
    <subfield code="t">1</subfield>
    <subfield code="w">2025-07-07</subfield>
    <subfield code="y">1</subfield>
    <subfield code="z">SOON AVAILABLE</subfield>
  </datafield>
  <datafield tag="999" ind1=" " ind2=" ">
    <subfield code="c">4831</subfield>
    <subfield code="d">4831</subfield>
  </datafield>
</record>
